Statistics for NBA 2012-2013 Stat Leaders Quiz

Click here to take the quiz!

General Stats

  • This quiz has been taken 1,671 times
  • The average score is 25 of 50

Answer Stats

PPG Scoring Leaders % Correct
26.8Lebron James
99%
28.1Kevin Durant
97%
9.7Chris Paul
90%
27.3Kobe Bryant
88%
28.7Carmelo Anthony
87%
12.4Dwight Howard
85%
23.2Russell Westbrook
84%
21.2Dwyane Wade
84%
11.1Rajon Rondo
77%
22.9Stephen Curry
76%
25.9James Harden
72%
2.65Tim Duncan
71%
7.6Tony Parker
59%
7.7Deron Williams
57%
3.03Serge Ibaka
53%
1.81Paul George
50%
2.14Joakim Noah
49%
21.1LaMarcus Aldridge
46%
9.9DeMarcus Cousins
44%
2.61Roy Hibbert
39%
19.4Brook Lopez
38%
7.3Ricky Rubio
37%
1.79Josh Smith
37%
11.2Zach Randolph
32%
11.2David Lee
32%
2.06Monta Ellis
31%
10.2Al Horford
31%
2.18Mike Conley
30%
8.0Jrue Holiday
24%
1.95Kemba Walker
23%
9.8Carlos Boozer
23%
11.7Omer Asik
19%
2.83Larry Sanders
18%
11.9Nikola Vucevic
16%
7.4Goran Dragic
16%
1.99JaVale McGee
16%
11.1Reggie Evans
15%
7.4Jameer Nelson
12%
9.0Greivis Vasquez
12%
1.75Thaddeus Young
10%
10.4JJ Hickson
6%
1.79Bismack Biyombo
4%

Score Distribution

Percentile by Number Answered

Percent of People with Each Score

Your Score History

You have not taken this quiz